000 00441nam a2200181Ia 4500
001 18421
005 20260306171629.0
008 260306s9999||||xx |||||||||||||| ||und||
041 _aESP
082 _aS 658.403811
_bZ38
100 _aZárate, Armando
_eAUT
245 0 _aAdministración de sistemas inteligentes
260 _c1999
300 _a495 páginas :
_c24 cm.
650 _aGEN
654 _aCAN
942 _cLIB
_dJUS
_fJUS
_2ddc
_n
999 _c18421
_d18421